Monster parade / (Record no. 2868)

MARC details
000 -LEADER
fixed length control field 01150cam a22003134a 4500
005 - DATE AND TIME OF LATEST TRANSACTION
control field 20240119110124.0
020 ## - INTERNATIONAL STANDARD BOOK NUMBER
International Standard Book Number 9780194309295
040 ## - CATALOGING SOURCE
Original cataloging agency DLC
Transcribing agency DLC
Modifying agency BAKER
-- BTCTA
-- YDXCP
-- EYP
-- BDX
-- DLC
Language of cataloging eng
050 00 - LIBRARY OF CONGRESS CALL NUMBER
Classification number PE1128.S73437
Item number 2005
082 00 - DEWEY DECIMAL CLASSIFICATION NUMBER
Classification number 428.6
100 1# - MAIN ENTRY--PERSONAL NAME
Personal name Stamper, Judith Bauer
245 10 - TITLE STATEMENT
Title Monster parade /
Statement of responsibility, etc. by Judith Bauer Stamper ; illustrated by Sally Springer ; series consultant: Joan Ross Keyes.
260 ## - PUBLICATION, DISTRIBUTION, ETC.
Place of publication, distribution, etc. New York :
Name of publisher, distributor, etc. Oxford University Press,
Date of publication, distribution, etc. 2005
300 ## - PHYSICAL DESCRIPTION
Extent 14 pages :
Other physical details color illustrations ;
Dimensions 25 cm.
490 1# - SERIES STATEMENT
Series statement Kids' readers
500 ## - GENERAL NOTE
General note "High-beginning level"--Cover.
505 ## - FORMATTED CONTENTS NOTE
Formatted contents note F <br/>
520 ## - SUMMARY, ETC.
Summary, etc. Stories based on The Oxford Picture Dictionary for Kids enhance children's vocabulary and reading skills.
521 ## - TARGET AUDIENCE NOTE
Target audience note 310 <br/>
Source Lexile <br/>
521 ## - TARGET AUDIENCE NOTE
Target audience note F <br/>
Source Raz-Plus <br/>
650 #0 - SUBJECT ADDED ENTRY--TOPICAL TERM
Topical term or geographic name entry element Monsters
Form subdivision Juvenile fiction.
650 #0 - SUBJECT ADDED ENTRY--TOPICAL TERM
Topical term or geographic name entry element Parades
Form subdivision Juvenile fiction.
650 #0 - SUBJECT ADDED ENTRY--TOPICAL TERM
Topical term or geographic name entry element English language
Form subdivision Textbooks for foreign speakers
-- Juvenile literature.
650 #0 - SUBJECT ADDED ENTRY--TOPICAL TERM
Topical term or geographic name entry element Readers (Primary)
700 1# - ADDED ENTRY--PERSONAL NAME
Personal name Springer, Sally
906 ## - LOCAL DATA ELEMENT F, LDF (RLIN)
a 7
b cbc
c orignew
d 1
e ocip
f 20
g y-gencatlg
942 ## - ADDED ENTRY ELEMENTS (KOHA)
Source of classification or shelving scheme Dewey Decimal Classification
Koha item type Books
Suppress in OPAC No
999 ## -
-- 2868
-- 2868
Holdings
Withdrawn status Lost status Source of classification or shelving scheme Damaged status Not for loan Home library Current library Shelving location Date acquired Total Checkouts Full call number Barcode Date last seen Price effective from Koha item type
    Dewey Decimal Classification     Footprints International School Library Network Toul Kork Campus Footprints International School Library Network Toul Kork Campus   01/19/2024   STA 428.6 PE1128.S73437 FISTKG2A065 01/19/2024 01/19/2024 Books